000 00500nam a2200217Ia 4500
003 OSt
005 20220916111057.0
006 a|||||r|||| 00| 0
007 ta
008 220915b |||||||| |||| 00| 0 eng d
024 _a248603
037 _cTextbook
040 _beng
_aARTS
_cARTS
041 _aeng
082 _aO111,3, L3
245 4 _aThe secret of simon cornell
260 _c1973
300 _a224p.
_ccm.
942 _hO111,3, L3
_cTB
_2CC
999 _c105091
_d105091